000 00851nam a2200265Ia 4500
003 OSt
005 20220925165449.0
006 a|||||r|||| 00| 0
007 ta
008 220923b |||||||| |||| 00| 0 eng d
020 _a0444516883
037 _cGeneral Book
040 _aRTL
_cRTL
_beng
041 _2eng
_aeng
082 _aU2856, P4
100 _aTallaksen Lena M
_9233477
245 0 _aHydrological drought
_b Processes and estimation methods for streamflow and groundwater
260 _aAmsterdam
_bElsevier
_c2004
300 _axi,579p
_ccm.
490 _aDevelopments in Water Science.48
500 _aBibliography: P 527-558; Appendix: P 499-525
700 _a Van Lanen Henny A J Ed.
_9233478
942 _hU2856, P4
_cGB
_2CC
999 _c477282
_d477282